LEADER 01214cam0 2200301 450 001 E600200006263 005 20140611101812.0 100 $a20041020d1971 |||||ita|0103 ba 101 $aita 102 $aIT 200 1 $aStoria e critica di testi latini$eCicerone, Donato, Tacito, Celso, Plauto, Plinio, Quintiliano, Livio e Sallustio, Commedia ignota$fRemigio Sabbadini$gIndice dei nomi e dei manoscritti a cura di Eugenio e Myriam Billanovich 205 $a2 ed. ridotta 210 $aPadova$cAntenore$d1971 215 $aXLI, 344 p.$d25 cm 225 2 $aMedioevo e umanesimo$v11 410 1$1001LAEC00016621$12001 $a*Medioevo e umanesimo$v11 700 1$aSabbadini$b, Remigio$3SOBA00007238$4070$07261 702 1$aBillanovich, Myriam$3A600200028485$4070 702 1$aBillanovich, Eugenio$3A600200028484$4070 801 0$aIT$bUNISOB$c20140611$gRICA 850 $aUNISOB 852 $aUNISOB$j850|Coll|34|K$m54295 912 $aE600200006263 940 $aM 102 Monografia moderna SBN 941 $aM 957 $a850|Coll|34|K$b000010$gSI$d54295$racquisto$1pregresso1$2UNISOB$3UNISOB$420041020112034.0$520140611101914.0$6rovito 996 $aStoria e critica di testi latini$9154592 997 $aUNISOB